00726 2200265 4500001002100000005001500021035002000036001002100056005001500077035002000092035002000112245006700132100002200199250001700221300003000238700002200268700001200290260003900302082001100341084001800352020002200370520004300392600001000435856001500445INLIS00000000000084020250109105948 a0010-0125000013INLIS00000000000012720240508074242 a0010-0125000007 a0010-05240000491 aEnsiklopedia Percobaan Sains :bGravitasi /cTim Doenia Aksara0 aTim Doenia Aksara acetakan ke-1 a56 hlm :bIlus ;c21,5 cm0 aRustapa, Anita K.0 aHani'ah aBekasi :bUranus Publishing,c2011 a530.03 a530.03 TIM e a978-602-863-753-4 aEnsiklopedia Percobaan Sains Gravitasi 4asains a503 TIM e